Vzory právnych podaní pre občanov z piatich právnych odvetví platných od 1. januára 1995 v Slovenskej republike

Salvato in:
Dettagli Bibliografici
Natura: Libro
Lingua:slovacco
Pubblicazione: Bratislava Interlingua 1995
Edizione:1. vyd.
Soggetti:
Tags: Aggiungi Tag
Nessun Tag, puoi essere il primo ad aggiungerne!!

MARC

LEADER 00000nam a2200000 4500
001 c010907
005 20221214072334.2
020 |a 80-88721-00-8 
041 0 |a slo 
044 |a SK 
245 1 0 |a Vzory právnych podaní pre občanov z piatich právnych odvetví platných od 1. januára 1995 v Slovenskej republike 
250 |a 1. vyd. 
264 1 |a Bratislava  |b Interlingua  |c 1995 
300 |a 430 s. 
610 2 0 |a právo 
610 2 0 |a konanie súdne občianske 
610 2 0 |a zákonník občiansky 
610 2 0 |a zákonník práce 
610 2 0 |a právo trestné 
610 2 0 |a rodina 
610 2 0 |a podania súdne 
610 2 0 |a Slovensko